<?xml version="1.0" encoding="UTF-8"?>
<marc:record xmlns:marc="http://www.loc.gov/MARC21/slim">
   <marc:leader>00000nam a2200000 a 4500</marc:leader>
   <marc:datafield ind1="1" ind2=" " tag="100">
      <marc:subfield code="a">Pittler, Andreas P.</marc:subfield>
      <marc:subfield code="4">aut</marc:subfield>
      <marc:subfield code="e">Verfasser/-in</marc:subfield>
   </marc:datafield>
   <marc:datafield ind1="0" ind2="0" tag="245">
      <marc:subfield code="a">Der Fluch der Sirte</marc:subfield>
   </marc:datafield>
   <marc:datafield ind1="0" ind2="0" tag="245">
      <marc:subfield code="c">Andreas Pittler</marc:subfield>
   </marc:datafield>
   <marc:datafield ind1=" " ind2="1" tag="264">
      <marc:subfield code="a">Wien</marc:subfield>
      <marc:subfield code="b">echomedia</marc:subfield>
      <marc:subfield code="c">2013</marc:subfield>
   </marc:datafield>
   <marc:datafield ind1="1" ind2=" " tag="520">
      <marc:subfield code="a">Angaben aus der Verlagsmeldung

Der Fluch der Sirte / von Andreas Pittler

Der neue Pittler – ganz anders, doch genauso spannend!

Wien im Hochsommer. Aus der Donau wird die Leiche eines Arabers gefischt. Bald stellt sich zweierlei heraus: Erstens, der Mann starb gewaltsam, zweitens, es handelt sich nicht um irgendeinen Gastarbeiter, sondern um eine Stütze des gestürzten Gaddafi-Regimes. Die Polizei beginnt mit den Ermittlungen, die schnell an Brisanz gewinnen, da die Liste derer, die mit dem Opfer Geschäfte machten, immer länger wird und in allerhöchste Kreise reicht. Vor allem ist da eine dubiose Stiftung, benannt nach dem Geburtsort des libyschen Revolutionsführers. Für Oberst Zedlnitzky und sein Team wird die Aufklärung des Falls zu einem Kampf gegen die Zeit, denn das Sterben geht munter weiter.
</marc:subfield>
   </marc:datafield>
   <marc:datafield ind1=" " ind2=" " tag="020">
      <marc:subfield code="a">9783902900203</marc:subfield>
      <marc:subfield code="9">9783902900203</marc:subfield>
   </marc:datafield>
   <marc:datafield ind1=" " ind2=" " tag="041">
      <marc:subfield code="a">ger</marc:subfield>
   </marc:datafield>
   <marc:datafield ind1=" " ind2=" " tag="300">
      <marc:subfield code="a">319 S.</marc:subfield>
   </marc:datafield>
</marc:record>
